00512nam a22001577a 450000500170000000800410001704000070005804100120006508200240007710000450010124500700014626000510021630000280026765000140029570000450030920220505095134.0220505b ||||| |||| 00| 0 eng d cAL aEnglish 223a388.40954bASIN aAsian Institute of transport development aNon Motorised Transport in India:current status and policy issues bAsian Institute of transport developmentc1996 av,131 p.bPBc24x17 cm. aTransport aASIAN INSTITUTE OF TRANSPORT DEVELOPMENT